header

International trade and economic growth (Record no. 140632)

MARC details
000 -LEADER
fixed length control field 01282nam a22003254a 4500
082 04 - DEWEY DECIMAL CLASSIFICATION NUMBER
Classification number 338.9
100 1# - MAIN ENTRY--AUTHOR NAME
Personal name Van den Berg, Hendrik,
245 10 - TITLE STATEMENT
Title International trade and economic growth
260 ## - PUBLICATION, DISTRIBUTION, ETC. (IMPRINT)
Place of publication Armonk, New York :
Name of publisher M.E. Sharpe,
Year of publication c2007.
300 ## - PHYSICAL DESCRIPTION
Number of Pages xix ,305 p. :
Other physical details ill.
650 #0 - SUBJECT ADDED ENTRY--TOPICAL TERM
Topical Term International trade.
Topical Term Economic development.
700 1# - ADDED ENTRY--PERSONAL NAME
Personal name Lewer, Joshua J.,
856 40 - ELECTRONIC LOCATION AND ACCESS
Uniform Resource Identifier http://site.ebrary.com/lib/rucke/Doc?id=10178063

No items available.

© 2026 Rongo University
Contact us: librarian | system librarian | Rongo university